01160 2200181 4500245003100000020002200031250001100053100001400064700001900078650001700097005001900114260003000133041001400163084001100177300002200188500075900210336000900969 aThe AtalacLyraemoonhText a978-623-310-229-2 aCet. 2 aLyraemoon aDana Sudartoyo aFiksi Remaja a20250319065220 aJakartabFantasiousc2024 aIndonesia a808.83 a300 hlm. :cilus. a"Apakah kalian percaya dengan sejarah yang selama ini kita pelajari di sekolah? Bagaimana jika negara kita pernah menjadi salah satu pusat peradaban maju jauh di masa lalu?Seraeris Agartha, siswi SMA Megalitha, tanpa sengaja mengungkap sejarah Nusantara yang disembunyikan oleh Elite Global dan menimbulkan konflik besar di media sosial. Beragam pro-kontra yang timbul kemudian mengantarkannya bertemu dengan Juan Kanigara, seorang siswa cerdas di SMA Megalitha angkatan tahun 2017 yang menjadi kunci terungkapnya sejarah.Bersama rekan-rekan mereka yang tanpa sengaja terbentuk, Sera dan Juan melakukan perjalanan ke masa lalu, tepatnya 12.000 tahun lalu, untuk menyelidiki peradaban THE KINGDOM OF ATALA, sebuah peradaban maju dengan teknologi canggih." atext